| 000 | 00527nam a2200205 i 4500 | ||
|---|---|---|---|
| 001 | bg | ||
| 100 | 1 | _aPASEK, Maciej | |
| 245 | 1 | 0 |
_aPhotoshop 5 PL - podstawy obsługi : _bćwiczenia praktyczne / _cMaciej Pasek. |
| 260 |
_aGliwice : _b"Helion", _c2000. |
||
| 300 |
_a82 s. : _bil. ; _c24 cm. |
||
| 650 | 9 | _aPhotoshop | |
| 655 | _aPodręczniki | ||
| 020 | _a8371973969 | ||
| 040 | _cBPK | ||
| 041 | 0 | _apol | |
| 080 | _a004.42(07) | ||
| 920 | _a83-7197-396-9 | ||
| 942 | _cKS | ||
| 008 | s pl f |000 0 pol | ||
| 999 |
_c46101 _d46101 |
||
| 856 |
_uhttp://koha.tu.koszalin.pl/cgi-bin/koha/opac-detail.pl?biblionumber=46101 _yKatalog online BPK |
||